000 01231 a2200361 4500
240 _aContribution des aliments de complément à la couverture des besoins nutritionnels des jeunes enfants : cas de la vallée de l'Ouémé
502 _aThèse pour l'obtention du Diplôme d'Ingénieur Agronome
260 _aAbomey-Calavi
653 1 _aNutrition et Sciences Alimentaires
100 _aMITCHIDIGNI, Irène Mèdémè
041 _bFr.
260 _bFSA/UAC
245 _aContribution of complementary foods to nutritional needs of young children : case study in Ouémé valley
300 _aXVIII-92 p.
650 _aBESOIN NUTRITIONNEL
650 _aNUTRITION HUMAINE
650 _a ETAT NUTRITIONNEL
650 _aENFANT
650 _aMALNUTRITION
650 _aVALLEE DE L'OUEME
260 _c18 Décembre 2002
300 _b29 cm
130 _lFr.
710 _aAbomey-Calavi, Université d'Abomey-Calavi, Faculté des Sciences Agronomiques, Bj
040 _aSupport
041 _bFr.
041 _bEn.
653 1 _aNutrition Humaine
500 _aAnnexes
100 _uAbomey-Calavi, Université d'Abomey-Calavi, Faculté des Sciences Agronomiques, Bj
651 _aBENIN
999 _c31624
_d31624